01569ngm a2200337 a 450000500170000000800410001708200190005824501040007725000190018130000630020049000390026350000900030250501920039265000680058465000480065265000460070070000260074670000250077270000410079770000290083870000310086770000300089874001030092894200200103126400420105133600270109333700330112033800280115304000350118199900150121620220317001301.0160825s1987 ck g 000 0 spa 04a791.436bM14bb10aBochinche en el Barrio Arribacdirección Alberto Vides, Luis Alfredo Gonzálezhvideograbación a1a. edición  a1 videocasete en VHS (106 minutos)bsonido, color c20 cm  aLa maletappelículas colombianas aLa película pertenece a la colección La Maleta. Dirigida para un público adulto aAquel 19 [videocasete] / dirección Carlos Mayolo -- Ella, el chulo y el atarván [videocasete] / dirección Fernando Vélez -- Los músicos [videocasete] / dirección Carlos Mayolo142LEMBaPelículas cinematográficas colombianasvVideocasetes 142LEMBaViolencia en Colombia vVideocasetes 142LEMBaPsicología urbana vVideocasetes 1 aVides, Alberto9687071 aGoggel, Erwin9687081 aMayolo Velasco, Carlos José9687091 aValverde, Umberto9687101 aVillegas, Joaquín9687111 aBeltrán, Alberto968712 aAquel 19 [videocasete] aElla, el chulo y el atarván [videocasete] aLos músicos [videocasete] 2ddccVIDEOCASET aBogotábMinisterio de Culturac1987 atextobtxt2rdacontent asin mediaciónbn2rdamedia avolumenbnc2rdacarrier aCO-BoRNBPbspaerdacCO-BoRNBP c6488d6488